TAN Finite Mathematics for the Managerial, life and Social Science (Record no. 4174)

MARC details
005 - DATE AND TIME OF LATEST TRANSACTION
control field 20250617054204.0
020 ## - INTERNATIONAL STANDARD BOOK NUMBER
International Standard Book Number 13:978-0-595-3831-6
082 ## - DEWEY DECIMAL CLASSIFICATION NUMBER
Classification number 510 TAN
100 ## - MAIN ENTRY--PERSONAL NAME
Author name TAN, S. T.
245 ## - TITLE STATEMENT
Title TAN Finite Mathematics for the Managerial, life and Social Science
250 ## - EDITION STATEMENT
Edition statement 9th Ed.
260 ## - PUBLICATION, DISTRIBUTION, ETC.
Place of publication, distribution, etc. Brazil,
Name of publisher, distributor, etc. Cengage,
Date of publication, distribution, etc. 2009.
300 ## - PHYSICAL DESCRIPTION
Extent xi, 609p.; ill.; figure, table, picture
Other physical details Index.
Dimensions 27cm
942 ## - ADDED ENTRY ELEMENTS (KOHA)
Source of classification or shelving scheme Dewey Decimal Classification
Koha item type Books
Holdings
Date last seen Total checkouts Full call number Barcode Cost, replacement price Price effective from Koha item type Lost status Source of classification or shelving scheme Damaged status Not for loan Withdrawn status Home library Current library Shelving location Date acquired Cost, normal purchase price
06/17/2025   519 TAN DOM000857 165000.00 06/17/2025 Books   Dewey Decimal Classification       CBE Dodoma CBE Dodoma General Collection 05/26/2015 55000.00